Normal view
MARC view
- SMALL SPACES FOR MODERN LIVING
Entry Topical Term
001 - CONTROL NUMBER
- control field: 56425
003 - CONTROL NUMBER IDENTIFIER
- control field: NUST
005 - DATE AND TIME OF LATEST TRANSACTION
- control field: 20210628201713.0
008 - FIXED-LENGTH DATA ELEMENTS
- fixed length control field: 210628|| aca||aabn | a|a d
040 ## - CATALOGING SOURCE
- Original cataloging agency: NUST
- Transcribing agency: NUST
150 ## - HEADING--TOPICAL TERM
- Topical term or geographic name entry element: SMALL SPACES FOR MODERN LIVING
670 ## - SOURCE DATA FOUND
- Source citation: Work cat.: (NUST): Atkins, Caroline 56424, Small spaces for modern living, 2003
